Las ciencias sociales y la concientización : reflexiones en torno a las relaciones entre teoría, práctica e identidad en América Latina /

Este artículo, se centra en la cuestión de la identidad y la autoconciencia tanto de chilenos como de latinoamericanos o, planteado desde otra perspectiva, las relaciones entre teoría y práctica. Las ciencias sociales de nuestro continente mucho tienen que ver con este tema. Se trata en las páginas...

Full description

Bibliographic Details
Main Author: Devés, Eduardo
Format: Analitica de revista
Language:Spanish
Published: Santiago, Chile Academia de Humanismo Cristiano 1984
Subjects:

MARC

LEADER 00000cab a2200000 a 4500
001 024497
003 UAHC_CL
005 20171121162841.0
008 140120s1984 cl 000 spa
952 |0 0  |1 0  |4 0  |6 ALTERNATIVAS_03_84_000000000000000  |7 0  |8 COMP  |9 48983  |a BC  |b BC  |c COMP  |d 2017-08-03  |l 0  |o ALTERNATIVAS-03/84  |r 2017-08-03 00:00:00  |t 1  |w 2017-08-03  |y REVA 
999 |c 24497  |d 24497 
040 |a UAHC_CL  |c UAHC_CL  |d UAHC_CL 
100 1 |a Devés, Eduardo 
245 1 4 |a Las ciencias sociales y la concientización :  |b reflexiones en torno a las relaciones entre teoría, práctica e identidad en América Latina /  |c Eduardo Devés. 
260 |b Academia de Humanismo Cristiano  |c 1984  |a Santiago, Chile 
300 |a pp. 118-136 
310 |a Anual. 
362 0 |a No. 3 (may. - ago. 1984). 
500 |a En: Alternativas. no. 03, 1984. pp. 118-136. 
520 |a Este artículo, se centra en la cuestión de la identidad y la autoconciencia tanto de chilenos como de latinoamericanos o, planteado desde otra perspectiva, las relaciones entre teoría y práctica. Las ciencias sociales de nuestro continente mucho tienen que ver con este tema. Se trata en las páginas que vienen, de hacer un esbozo del problema de la falsa conciencia que existe respecto a la historia chilena, realizado a través de un cierto análisis de nuestra historiografía; la memoria del pasado que es la historiografía ha reprimido paisajes importantes de nuestra biografía como país. 
650 4 |a CIENCIAS SOCIALES  |z AMERICA LATINA 
650 4 |a IDENTIDAD SOCIAL  |z AMERICA LATINA 
900 |a ALTERNATIVAS-03/84 
942 |c REVA  |2 ddc